[Event "WchT Seniors 50"]
[Site "Radebeul"]
[Date "2016.07.01"]
[Round "6.5"]
[White "Hergott, Deen"]
[Black "Casper, Thomas"]
[Result "1/2-1/2"]
[WhiteElo "2385"]
[BlackElo "2377"]
[PlyCount "51"]
[EventDate "2016.06.26"]
[EventType "team-swiss"]
[EventRounds "9"]
[EventCountry "GER"]
[SourceTitle "CBM 173 Extra"]
[Source "ChessBase"]
[SourceDate "2016.08.29"]
[SourceVersion "1"]
[SourceVersionDate "2016.08.29"]
[SourceQuality "1"]
[WhiteTeam "Canada"]
[BlackTeam "Thueringen"]
[WhiteTeamCountry "CAN"]
[BlackTeamCountry "GER"]

1. d4 Nf6 2. Nc3 d5 3. Bg5 e6 4. e4 dxe4 5. Nxe4 Nbd7 6. Qd3 Be7 7. Nxf6+ Bxf6 8. Bxf6 Qxf6 9. Nf3 0-0 10. Qe3 c5 11. 0-0-0 b6 12. Bb5 cxd4 13. Rxd4 Nc5 14. Ne5 a5 15. g4 Bb7 16. g5 Qf5 17. Re1 f6 18. gxf6 Rxf6 19. Nd7 Nxd7 20. Bxd7 Qxf2 21. Bxe6+ Kh8 22. Qxf2 Rxf2 23. Rd7 Bg2 24. Bc4 Bh3 25. Rde7 Raf8 26. Re8 1/2-1/2

[Event "Ottawa"]
[Site "Ottawa"]
[Date "2002.11.17"]
[Round "3"]
[White "Davies, Alex"]
[Black "Hergott, Deen"]
[Result "0-1"]
[WhiteElo "2233"]
[BlackElo "2479"]
[PlyCount "116"]
[EventDate "2002.10.06"]
[EventType "tourn"]
[EventRounds "5"]
[EventCountry "CAN"]
[SourceTitle "EXT 2022"]
[Source "ChessBase"]
[SourceDate "2021.10.06"]
[SourceVersion "1"]
[SourceVersionDate "2021.10.06"]
[SourceQuality "1"]

1. e4 c5 2. c4 Nc6 3. Nc3 g6 4. d3 Bg7 5. g3 d6 6. Bg2 Rb8 7. Nge2 a6 8. a3 b5 9. cxb5 axb5 10. 0-0 e6 11. b4 Nge7 12. Rb1 Ba6 13. f4 cxb4 14. axb4 Qb6+ 15. Kh1 0-0 16. Qb3 Bb7 17. Bb2 d5 18. f5 exf5 19. exf5 Nxf5 20. Rxf5 gxf5 21. Nxd5 Qd8 22. Bxg7 Kxg7 23. Qc3+ f6 24. Nef4 Qd6 25. Nh5+ Kh8 26. Nhxf6 Ne5 27. Re1 Rbc8 28. Qa1 Rc2 29. Rxe5 Rxg2 30. Kxg2 Qxf6 31. Qd4 f4 32. gxf4 Qg7+ 33. Kf2 Rg8 34. Re4 Qxd4+ 35. Rxd4 Rd8 36. f5 Rxd5 37. Rxd5 Bxd5 38. Ke3 Kg7 39. Kd4 Bc6 40. Ke5 Kf7 41. d4 Bd7 42. d5 Ke7 43. f6+ Kf7 44. Kd6 Be8 45. Ke5 h6 46. h4 h5 47. Kf5 Bd7+ 48. Kg5 Bg4 49. d6 Bd7 50. Kxh5 Kxf6 51. Kh6 Be8 52. h5 Ke6 53. Kg5 Bxh5 54. d7 Kxd7 55. Kxh5 Kd6 56. Kg4 Kd5 57. Kf3 Kc4 58. Ke2 Kxb4 0-1

[Event "Ottawa"]
[Site "Ottawa"]
[Date "2001.11.18"]
[Round "6"]
[White "Djerkovic, Miladin"]
[Black "Hergott, Deen"]
[Result "0-1"]
[WhiteElo "2252"]
[BlackElo "2474"]
[PlyCount "78"]
[EventDate "2001.10.14"]
[EventType "swiss"]
[EventRounds "6"]
[EventCountry "CAN"]
[SourceTitle "EXT 2022"]
[Source "ChessBase"]
[SourceDate "2021.10.06"]
[SourceVersion "1"]
[SourceVersionDate "2021.10.06"]
[SourceQuality "1"]

1. e4 e5 2. Nf3 Nc6 3. Bb5 a6 4. Ba4 d6 5. c3 f5 6. exf5 Bxf5 7. 0-0 Bd3 8. Re1 Be7 9. Bc2 Bxc2 10. Qxc2 g5 11. d4 g4 12. d5 gxf3 13. dxc6 bxc6 14. Qe4 Qd7 15. Qxf3 Nf6 16. Nd2 0-0 17. Ne4 d5 18. Qg3+ Kh8 19. Bh6 Rg8 20. Ng5 Bd6 21. Qh3 Rg6 22. Qxd7 Nxd7 23. Nf7+ Kg8 24. Nxd6 cxd6 25. Be3 Kf7 26. b4 Ke6 27. a4 Rag8 28. g3 Rg4 29. f3 Rc4 30. Rec1 c5 31. Bd2 a5 32. bxa5 Ra8 33. a6 Rxa6 34. a5 d4 35. cxd4 Rxc1+ 36. Rxc1 exd4 37. f4 Kd5 38. Kf2 c4 39. Kf3 c3 0-1

[Event "Kingston op"]
[Site "Kingston"]
[Date "2000.02.13"]
[Round "5"]
[White "Djerkovic, Miladin"]
[Black "Hergott, Deen"]
[Result "1/2-1/2"]
[WhiteElo "2331"]
[BlackElo "2484"]
[PlyCount "39"]
[EventDate "2000.02.12"]
[EventType "swiss"]
[EventRounds "5"]
[EventCountry "CAN"]
[SourceTitle "EXT 2022"]
[Source "ChessBase"]
[SourceDate "2021.10.06"]
[SourceVersion "1"]
[SourceVersionDate "2021.10.06"]
[SourceQuality "1"]

1. e4 c5 2. Nf3 Nc6 3. d4 cxd4 4. Nxd4 g6 5. Nc3 Bg7 6. Be3 Nf6 7. Bc4 0-0 8. Bb3 a5 9. f3 d5 10. Nxd5 Nxd5 11. exd5 Nxd4 12. Bxd4 e5 13. Bf2 e4 14. fxe4 a4 15. Bc4 Re8 16. Qd3 Bf5 17. 0-0 Rxe4 18. a3 Rc8 19. Ba2 Re8 20. Qb5 1/2-1/2

[Event "Den Bosch"]
[Site "Hertogenbosch"]
[Date "1999.11.22"]
[Round "5"]
[White "Nijboer, Friso"]
[Black "Hergott, Deen"]
[Result "1-0"]
[WhiteElo "2559"]
[BlackElo "2396"]
[PlyCount "57"]
[EventDate "1999.11.18"]
[EventType "tourn"]
[EventRounds "9"]
[EventCountry "NED"]
[EventCategory "7"]
[SourceTitle "CBM 073 Extra"]
[Source "ChessBase"]
[SourceDate "2000.01.11"]
[SourceVersion "1"]
[SourceVersionDate "2000.01.11"]
[SourceQuality "1"]

1. e4 e5 2. Nf3 Nc6 3. Bb5 Nf6 4. 0-0 Nxe4 5. d4 Nd6 6. Bxc6 dxc6 7. dxe5 Nf5 8. Qxd8+ Kxd8 9. Nc3 Ke8 10. h3 Ne7 11. Bd2 Ng6 12. a4 a5 13. Ne4 h6 14. Nd4 Nxe5 15. Rfe1 Kd8 16. Rad1 Bd7 17. Bc3 Ng6 18. Nf5 Kc8 19. Nxg7 f5 20. Rxd7 Kxd7 21. Nf6+ Kd6 22. Nge8+ Kc5 23. Nd7+ Kc4 24. Bxh8 Be7 25. Rd1 Nxh8 26. Nxc7 Rg8 27. Ne6 c5 28. Nb6+ Kb4 29. Nd5+ 1-0

[Event "Den Bosch"]
[Site "Hertogenbosch"]
[Date "1999.11.19"]
[Round "2"]
[White "Hergott, Deen"]
[Black "Welling, Gerard J"]
[Result "1-0"]
[WhiteElo "2396"]
[BlackElo "2368"]
[PlyCount "69"]
[EventDate "1999.11.18"]
[EventType "tourn"]
[EventRounds "9"]
[EventCountry "NED"]
[EventCategory "7"]
[SourceTitle "CBM 073 Extra"]
[Source "ChessBase"]
[SourceDate "2000.01.11"]
[SourceVersion "1"]
[SourceVersionDate "2000.01.11"]
[SourceQuality "1"]

1. d4 d5 2. Nf3 Nf6 3. c4 c6 4. Qc2 g6 5. Bf4 Bg7 6. e3 0-0 7. Nc3 Be6 8. Qb3 dxc4 9. Qxb7 Qb6 10. Qxb6 axb6 11. Ng5 b5 12. Nxe6 fxe6 13. g3 Na6 14. Bh3 Kf7 15. 0-0 Nd5 16. a4 Nxc3 17. bxc3 e5 18. Bxe5 Bxe5 19. dxe5 Nc5 20. axb5 cxb5 21. Rxa8 Rxa8 22. Rb1 Nb3 23. Bg2 Rc8 24. f4 e6 25. Rb2 Rd8 26. Bc6 Rb8 27. Kf2 b4 28. cxb4 Rxb4 29. Rc2 Ke7 30. Bf3 Nc5 31. Ke1 Rb1+ 32. Kd2 Rb4 33. Kc3 Ra4 34. Bc6 Ra3+ 35. Kb4 1-0

[Event "Den Bosch"]
[Site "Hertogenbosch"]
[Date "1999.11.18"]
[Round "1"]
[White "Hergott, Deen"]
[Black "Rogers, Ian"]
[Result "0-1"]
[WhiteElo "2396"]
[BlackElo "2574"]
[PlyCount "64"]
[EventDate "1999.11.18"]
[EventType "tourn"]
[EventRounds "9"]
[EventCountry "NED"]
[EventCategory "7"]
[SourceTitle "CBM 073 Extra"]
[Source "ChessBase"]
[SourceDate "2000.01.11"]
[SourceVersion "1"]
[SourceVersionDate "2000.01.11"]
[SourceQuality "1"]

1. d4 Nf6 2. Nf3 g6 3. c4 Bg7 4. Nc3 0-0 5. e4 d6 6. Be2 Na6 7. 0-0 e5 8. Re1 c6 9. Rb1 exd4 10. Nxd4 Nc5 11. f3 a5 12. Bg5 Re8 13. Bf1 Bd7 14. Qd2 Qb6 15. Kh1 a4 16. Red1 Nh5 17. g4 Nf6 18. h3 h5 19. Bf4 hxg4 20. hxg4 Ncxe4 21. fxe4 Nxe4 22. Qg2 Bxd4 23. Nxe4 Kg7 24. c5 Rh8+ 25. Bh2 Bxc5 26. Nxc5 Qxc5 27. Rbc1 Qb6 28. Rxd6 Bxg4 29. Be2 Rxh2+ 30. Kxh2 Rh8+ 31. Kg3 Qe3+ 32. Bf3 Bxf3 0-1

[Event "San Francisco schev 2nd"]
[Site "San Francisco"]
[Date "1999.03.28"]
[Round "4"]
[White "Shahade, Gregory P"]
[Black "Hergott, Deen"]
[Result "1-0"]
[WhiteElo "2386"]
[BlackElo "2390"]
[PlyCount "69"]
[EventDate "1999.03.26"]
[EventType "schev"]
[EventRounds "9"]
[EventCountry "USA"]
[SourceTitle "CBM 069 Extra"]
[Source "ChessBase"]
[SourceDate "1999.05.10"]
[SourceVersion "1"]
[SourceVersionDate "1999.05.10"]
[SourceQuality "1"]

1. e4 e6 2. d4 d5 3. Nd2 dxe4 4. Nxe4 Nd7 5. Nf3 Ngf6 6. Nxf6+ Nxf6 7. Bd3 c5 8. dxc5 Bxc5 9. Qe2 0-0 10. Bg5 Qc7 11. Bxf6 gxf6 12. 0-0-0 b6 13. Qe4 f5 14. Qh4 Be7 15. Qh6 f6 16. Kb1 Rf7 17. Nd4 Bc5 18. Qh4 Bxd4 19. Qxd4 Kg7 20. Qh4 e5 21. f3 Kh8 22. Qh5 Rg7 23. Bxf5 Bxf5 24. Qxf5 Rf8 25. Rd2 Qc5 26. Rhd1 Rc7 27. Rd8 Rcf7 28. a3 Qc4 29. Rxf8+ Rxf8 30. Rd7 Rf7 31. Rd3 Qh4 32. Rd8+ Kg7 33. Qc8 Qxh2 34. Rg8+ Kh6 35. Qe6 1-0

[Event "Koltanowski Team Match"]
[Site "San Francisco"]
[Date "1999.02.04"]
[Round "3"]
[White "Browne, Walter Shawn"]
[Black "Hergott, Deen"]
[Result "1/2-1/2"]
[WhiteElo "2516"]
[BlackElo "2390"]
[PlyCount "46"]
[EventDate "1999.02.02"]
[EventType "schev"]
[EventRounds "9"]
[EventCountry "USA"]
[SourceTitle "CBM 068 Extra"]
[Source "ChessBase"]
[SourceDate "1999.03.01"]
[SourceVersion "1"]
[SourceVersionDate "1999.03.01"]
[SourceQuality "1"]

1. d4 Nf6 2. c4 g6 3. Nc3 Bg7 4. e4 d6 5. Nf3 0-0 6. Be2 e5 7. 0-0 exd4 8. Nxd4 Re8 9. f3 c6 10. Kh1 Nh5 11. g4 Nf6 12. Bg5 h6 13. Bh4 a6 14. a4 a5 15. Rc1 Qb6 16. Bf2 Qd8 17. Qd2 Na6 18. Rcd1 h5 19. h3 Qe7 20. Bg3 hxg4 21. hxg4 Nc5 22. Kg2 Bxg4 23. Qf4 Ne6 1/2-1/2

[Event "Hull Outaouais op"]
[Site "Hull"]
[Date "1998.10.25"]
[Round "4"]
[White "Hua, Lefong"]
[Black "Hergott, Deen"]
[Result "1/2-1/2"]
[WhiteElo "2255"]
[BlackElo "2425"]
[PlyCount "32"]
[EventDate "1998.10.23"]
[EventType "swiss"]
[EventRounds "5"]
[EventCountry "CAN"]
[SourceTitle "EXT 2022"]
[Source "ChessBase"]
[SourceDate "2021.10.06"]
[SourceVersion "1"]
[SourceVersionDate "2021.10.06"]
[SourceQuality "1"]

1. c4 e5 2. g3 Nc6 3. Bg2 g6 4. Nc3 Bg7 5. d3 d6 6. e3 Be6 7. Nge2 Qd7 8. Rb1 Bh3 9. Bxh3 Qxh3 10. Nd5 Qd7 11. b4 Nce7 12. 0-0 h5 13. h4 c6 14. Nxe7 Nxe7 15. e4 0-0 16. b5 f5 1/2-1/2

[Event "Olympiad-33"]
[Site "Elista"]
[Date "1998.10.12"]
[Round "13.3"]
[White "Hergott, Deen"]
[Black "Belli, Mario"]
[Result "1/2-1/2"]
[WhiteElo "2370"]
[BlackElo "2380"]
[PlyCount "25"]
[EventDate "1998.09.29"]
[EventType "team-swiss"]
[EventRounds "13"]
[EventCountry "RUS"]
[SourceTitle "CBM 068"]
[Source "ChessBase"]
[SourceDate "1999.02.01"]
[SourceVersion "1"]
[SourceVersionDate "1999.02.01"]
[SourceQuality "1"]
[WhiteTeam "Canada"]
[BlackTeam "Peru"]
[WhiteTeamCountry "CAN"]
[BlackTeamCountry "PER"]

1. Nf3 Nf6 2. c4 d6 3. d4 Bg4 4. Nc3 Nbd7 5. e4 e5 6. Be2 Be7 7. Be3 0-0 8. 0-0 c6 9. d5 c5 10. Ne1 Bxe2 11. Qxe2 Ne8 12. g3 Bg5 13. Ng2 1/2-1/2

[Event "Olympiad-33"]
[Site "Elista"]
[Date "1998.10.11"]
[Round "12.3"]
[White "Hoffman, Alejandro"]
[Black "Hergott, Deen"]
[Result "1-0"]
[WhiteElo "2525"]
[BlackElo "2370"]
[PlyCount "81"]
[EventDate "1998.09.29"]
[EventType "team-swiss"]
[EventRounds "13"]
[EventCountry "RUS"]
[SourceTitle "CBM 068"]
[Source "ChessBase"]
[SourceDate "1999.02.01"]
[SourceVersion "1"]
[SourceVersionDate "1999.02.01"]
[SourceQuality "1"]
[WhiteTeam "Argentina"]
[BlackTeam "Canada"]
[WhiteTeamCountry "ARG"]
[BlackTeamCountry "CAN"]

1. g3 g6 2. Bg2 Bg7 3. d4 Nf6 4. e4 d6 5. Ne2 0-0 6. Nbc3 e5 7. h3 Nc6 8. Be3 exd4 9. Nxd4 Bd7 10. 0-0 Re8 11. a4 a6 12. a5 Qc8 13. Kh2 Re5 14. g4 Rxa5 15. Nxc6 Rxa1 16. Ne7+ Kf8 17. Qxa1 Kxe7 18. f4 Kf8 19. f5 Qe8 20. Qe1 Bb5 21. Rf2 Nd7 22. Nd5 Be5+ 23. Kh1 Rc8 24. Bh6+ Kg8 25. f6 Nxf6 26. Nxf6+ Bxf6 27. Rxf6 Qe5 28. Qf2 Qxb2 29. Rxf7 Qa1+ 30. Kh2 Qe5+ 31. Kg1 Qa1+ 32. Bf1 Qxf1+ 33. Qxf1 Bxf1 34. Rg7+ Kh8 35. Kxf1 a5 36. Re7 a4 37. Bc1 Kg8 38. Ke2 b5 39. Bb2 Ra8 40. Rxc7 a3 41. Ba1 1-0

[Event "Olympiad-33"]
[Site "Elista"]
[Date "1998.10.04"]
[Round "6.4"]
[White "Hergott, Deen"]
[Black "Miles, Anthony John"]
[Result "1/2-1/2"]
[WhiteElo "2370"]
[BlackElo "2590"]
[PlyCount "52"]
[EventDate "1998.09.29"]
[EventType "team-swiss"]
[EventRounds "13"]
[EventCountry "RUS"]
[SourceTitle "CBM 068"]
[Source "ChessBase"]
[SourceDate "1999.02.01"]
[SourceVersion "1"]
[SourceVersionDate "1999.02.01"]
[SourceQuality "1"]
[WhiteTeam "Canada"]
[BlackTeam "England"]
[WhiteTeamCountry "CAN"]
[BlackTeamCountry "ENG"]

1. d4 Nf6 2. Nf3 c5 3. d5 b5 4. Bg5 Bb7 5. Bxf6 exf6 6. a4 a6 7. e4 Qb6 8. axb5 axb5 9. Rxa8 Bxa8 10. Nc3 b4 11. Nb5 Be7 12. Bc4 0-0 13. 0-0 d6 14. c3 bxc3 15. bxc3 Nd7 16. Qa4 Qd8 17. Rb1 Nb6 18. Qb3 Nxc4 19. Qxc4 Qd7 20. Qd3 Bb7 21. Ra1 Ra8 22. Rxa8+ Bxa8 23. c4 Bb7 24. h3 g6 25. Nd2 Bc8 26. Qc3 Qe8 1/2-1/2

[Event "Olympiad-33"]
[Site "Elista"]
[Date "1998.10.02"]
[Round "4.4"]
[White "De la Paz Perdomo, Frank"]
[Black "Hergott, Deen"]
[Result "1/2-1/2"]
[WhiteElo "2470"]
[BlackElo "2370"]
[PlyCount "100"]
[EventDate "1998.09.29"]
[EventType "team-swiss"]
[EventRounds "13"]
[EventCountry "RUS"]
[SourceTitle "CBM 068"]
[Source "ChessBase"]
[SourceDate "1999.02.01"]
[SourceVersion "1"]
[SourceVersionDate "1999.02.01"]
[SourceQuality "1"]
[WhiteTeam "Cuba"]
[BlackTeam "Canada"]
[WhiteTeamCountry "CUB"]
[BlackTeamCountry "CAN"]

1. e4 e6 2. d4 d5 3. Nd2 dxe4 4. Nxe4 Nd7 5. Nf3 Ngf6 6. Nxf6+ Nxf6 7. Bd3 c5 8. dxc5 Bxc5 9. Bg5 Qc7 10. 0-0 b6 11. Qe2 Bb7 12. Bb5+ Kf8 13. Rad1 Bd6 14. Rxd6 Qxd6 15. Rd1 Nd5 16. c4 a6 17. cxd5 axb5 18. dxe6 Qxe6 19. Qxe6 fxe6 20. Ne5 Bd5 21. Rc1 h6 22. Be3 Rh7 23. Rc7 Kg8 24. Ng6 Be4 25. Ne7+ Kf8 26. f3 g5 27. Bxb6 Bb1 28. Bc5 Ke8 29. Rb7 Bxa2 30. Kf2 Bb1 31. Ke3 Rd8 32. Ra7 Rd3+ 33. Ke2 Rd7 34. Ra8+ Rd8 35. Ra7 Rd7 36. Ra8+ Rd8 37. Ra7 Bd3+ 38. Ke3 Bc2 39. b4 Rd3+ 40. Ke2 Rd7 41. Ra8+ Rd8 42. Ra7 e5 43. Ke3 Rd3+ 44. Kf2 Rd2+ 45. Ke3 Rd3+ 46. Kf2 Rd7 47. Ra8+ Rd8 48. Ra2 Rd2+ 49. Ke3 Rd3+ 50. Kf2 Rd2+ 1/2-1/2

[Event "Olympiad-33"]
[Site "Elista"]
[Date "1998.09.30"]
[Round "2.3"]
[White "Hergott, Deen"]
[Black "Brynell, Stellan"]
[Result "1/2-1/2"]
[WhiteElo "2370"]
[BlackElo "2485"]
[PlyCount "33"]
[EventDate "1998.09.29"]
[EventType "team-swiss"]
[EventRounds "13"]
[EventCountry "RUS"]
[SourceTitle "CBM 068"]
[Source "ChessBase"]
[SourceDate "1999.02.01"]
[SourceVersion "1"]
[SourceVersionDate "1999.02.01"]
[SourceQuality "1"]
[WhiteTeam "Canada"]
[BlackTeam "Sweden"]
[WhiteTeamCountry "CAN"]
[BlackTeamCountry "SWE"]

1. Nf3 d5 2. g3 Nc6 3. Bg2 e5 4. d3 Nf6 5. 0-0 Be7 6. c3 a5 7. Nbd2 0-0 8. Qc2 h6 9. e4 dxe4 10. dxe4 Be6 11. Rd1 Qb8 12. Nf1 Rd8 13. Rxd8+ Qxd8 14. b3 Bc5 15. Be3 Qe7 16. Rd1 Bxe3 17. Nxe3 1/2-1/2

[Event "Quebec op"]
[Site "Montreal"]
[Date "1998.08.02"]
[Round "9"]
[White "Nataf, Igor Alexandre"]
[Black "Hergott, Deen"]
[Result "1-0"]
[WhiteElo "2485"]
[BlackElo "2365"]
[PlyCount "63"]
[EventDate "1998.07.25"]
[EventType "swiss"]
[EventRounds "9"]
[EventCountry "CAN"]
[SourceTitle "EXT 1999"]
[Source "ChessBase"]
[SourceDate "1998.11.16"]
[SourceVersion "1"]
[SourceVersionDate "1998.11.16"]
[SourceQuality "1"]

1. e4 e6 2. d4 d5 3. Nc3 Nf6 4. Bg5 dxe4 5. Nxe4 Be7 6. Bxf6 Bxf6 7. Nf3 0-0 8. Qd2 b6 9. Nxf6+ Qxf6 10. Bd3 Bb7 11. Ng5 g6 12. h4 h6 13. Nf3 Nd7 14. Qxh6 Bxf3 15. gxf3 Qxd4 16. 0-0-0 Qg7 17. Qe3 Nf6 18. h5 Nxh5 19. Rdg1 Nf6 20. Rh6 Nd5 21. Qd2 Ne7 22. Rgh1 Rfd8 23. Qb4 Rxd3 24. Qh4 Kf8 25. Rh8+ Ng8 26. cxd3 c5 27. Kb1 Qd4 28. Rxg8+ Kxg8 29. Qh7+ Kf8 30. Qh8+ Ke7 31. Qxa8 Qxd3+ 32. Ka1 1-0